Представление документа в формате MARC21

Поле Инд. ПП Название Значение
Тип записи a
Библиографический уровень m
001 Контрольный номер RU\VSU\books_2009\10713
005 Дата корректировки 20150513113618.4
008 Кодируемые данные 091105h2009 RU a f z 000 1 rus u
020 a ISBN 978-5-397-00638-5
040 c Служба, преобразующая запись VSU
a Служба первич. каталог. НБ ТвГУ
041 a Код языка текста rus
044 a Код страны публикации RU
080 a Индекс УДК 51-7
084 a Индекс другой классификации/Индекс ББК В1
090 a Полочн. индекс В1
x Авторский знак Б 90
245 10 a Заглавие Будущее прикладной математики
b Продолж. заглавия лекции для молодых исследователей. Поиски и открытия
c Ответственность Ин-т прикл. математики им. М.В. Келдыша Рос. акад. наук ; под ред. Г. Г. Малинецкого
246 _3 a Другая форма заглавия Поиски и открытия
260 a Место издания Москва
b Издательство ЛИБРОКОМ
b Издательство URSS
c Дата издания 2009
300 a Объем 635 с.
b Иллюстрации/ тип воспроизводства ил.
504 a Библиография Библиогр. в конце лекций
520 a Аннотация В настоящей книге представлены лекции ряда ведущих специалистов в области прикладной математики, которые были прочитаны на III ежегодной школе для студентов, аспирантов и молодых исследователей в Институте прикладной математики им. М.В.Келдыша РАН.
С пектр тем, обсуждаемых в книге, очень широк. Это проблемы турбулентности и системы с запаздыванием, космические программы нового поколения и прогноз динамики нефтегазового сектора, сетевая безопасность и система ГРИД. Многие темы рассмотрены ясно, наглядно и популярно впервые. Среди них - технологии беспроводной связи с хаотическим носителем, проблемы клеточных автоматов, новые парадигмы вычислений.
К нига предназначена для студентов старших курсов, аспирантов, молодых исследователей . Она будет интересна и полезна преподавателям информатики и прикладной математики, руководителям, интересующимся перспективами этих областей науки, а также широкому кругу читателей, которые связаны с инженерной деятельностью и инновационной активностью в ряде актуальных направлений высоких технологий.
653 a Ключевые слова Астрономия
a Ключевые слова Беспроводная связь
a Ключевые слова Вычислительная математика
a Ключевые слова Вычислительная техника
a Ключевые слова Динамический хаос
a Ключевые слова Дистанционное зондирование
a Ключевые слова Компьютеры
a Ключевые слова Курдюмов, Сергей Павлович, о нем
a Ключевые слова Лекции
a Ключевые слова Математика
a Ключевые слова Математическая физика
a Ключевые слова Математические методы
a Ключевые слова Математическое моделирование
a Ключевые слова Небесная механика
a Ключевые слова Прикладная математика
a Ключевые слова Прикладная небесная механика
a Ключевые слова Ракетная техника
a Ключевые слова Связь
a Ключевые слова Хаос
700 1_ a Другие авторы Малинецкий Георгий Геннадьевич
e Роль лиц ред.
901 t Тип документа m
920 a Оператор Стру
930 a Новая/Ретро лекции
952 c Вид литературы К ру
954 a Дата поступления на обработку 20110201